Slot machine / (Record no. 11374)
[ view plain ]
| 000 -LEADER | |
|---|---|
| fixed length control field | 01214pam a2200337 a 4500 |
| 001 - CONTROL NUMBER | |
| control field | 1127195 |
| 003 - CONTROL NUMBER IDENTIFIER | |
| control field | OSt |
| 005 - DATE AND TIME OF LATEST TRANSACTION | |
| control field | 20140310182251.0 |
| 008 - FIXED-LENGTH DATA ELEMENTS--GENERAL INFORMATION | |
| fixed length control field | 941213s1995 nyu j 000 1 eng |
| 010 ## - LIBRARY OF CONGRESS CONTROL NUMBER | |
| LC control number | 94048235 |
| 020 ## - INTERNATIONAL STANDARD BOOK NUMBER | |
| International Standard Book Number | 0064471403 |
| 040 ## - CATALOGING SOURCE | |
| Original cataloging agency | DLC |
| Transcribing agency | DLC |
| Modifying agency | DLC |
| 042 ## - AUTHENTICATION CODE | |
| Authentication code | lcac |
| 050 00 - LIBRARY OF CONGRESS CALL NUMBER | |
| Classification number | PZ 7 |
| Item number | .L979739s1 1995 |
| 082 00 - DEWEY DECIMAL CLASSIFICATION NUMBER | |
| Classification number | FIC |
| Item number | L99s 1995 |
| 100 1# - MAIN ENTRY--PERSONAL NAME | |
| Personal name | Lynch, Chris, |
| Dates associated with a name | 1962- |
| 9 (RLIN) | 20035 |
| 245 10 - TITLE STATEMENT | |
| Title | Slot machine / |
| Statement of responsibility, etc | Chris Lynch. |
| 250 ## - EDITION STATEMENT | |
| Edition statement | 1st ed. |
| 260 ## - PUBLICATION, DISTRIBUTION, ETC. (IMPRINT) | |
| Place of publication, distribution, etc | New York : |
| Name of publisher, distributor, etc | Harper Trophy, |
| Date of publication, distribution, etc | 1995. |
| 300 ## - PHYSICAL DESCRIPTION | |
| Extent | 241 p. : |
| Dimensions | 18 cm. |
| 520 ## - SUMMARY, ETC. | |
| Summary, etc | When overweight thirteen-year-old Elvin Bishop is sent to camp at St. Paul's Seminary Retreat Center, he and his two best friends are forced to try out various sports in order to find out where they belong. |
| 541 ## - IMMEDIATE SOURCE OF ACQUISITION NOTE | |
| -- | 1 |
| 562 ## - COPY AND VERSION IDENTIFICATION NOTE | |
| Number of copies | For circulation. 1 copy in the collection |
| 650 #1 - SUBJECT ADDED ENTRY--TOPICAL TERM | |
| Topical term or geographic name as entry element | Camps |
| General subdivision | Fiction. |
| 9 (RLIN) | 20036 |
| 650 #1 - SUBJECT ADDED ENTRY--TOPICAL TERM | |
| Topical term or geographic name as entry element | Sports |
| General subdivision | Fiction. |
| 9 (RLIN) | 20037 |
| 650 #1 - SUBJECT ADDED ENTRY--TOPICAL TERM | |
| Topical term or geographic name as entry element | Identity |
| General subdivision | Fiction. |
| 9 (RLIN) | 20038 |
| 650 #1 - SUBJECT ADDED ENTRY--TOPICAL TERM | |
| Topical term or geographic name as entry element | Friendship |
| General subdivision | Fiction. |
| 9 (RLIN) | 20039 |
| 906 ## - LOCAL DATA ELEMENT F, LDF (RLIN) | |
| a | 7 |
| b | cbc |
| c | orignew |
| d | 1 |
| e | ocip |
| f | 19 |
| g | y-gencatlg |
| 942 ## - ADDED ENTRY ELEMENTS (KOHA) | |
| Source of classification or shelving scheme | Library of Congress Classification |
| Koha item type | |
| Call number prefix | |
| Withdrawn status | Lost status | Source of classification or shelving scheme | Damaged status | Home library | Current library | Shelving location | Date acquired | Total Checkouts | Full call number | Barcode | Date last seen | Date checked out | Copy number | Price effective from | Koha item type |
|---|---|---|---|---|---|---|---|---|---|---|---|---|---|---|---|
| Library of Congress Classification | Luxembourg Library | Luxembourg Library | Fiction Section | 09/14/2013 | 1 | PZ 7 .L979739s1 1995 | 5355 | 02/15/2020 | 02/14/2020 | 1 | 09/14/2013 | Books |